[Event "Cto por Equipos de Aragon-Preferente I"]
[Site ""]
[Date "2023.03.04"]
[Round "6.33"]
[White "Carrera Angulo, Nicolas"]
[Black "Garcia Acin, Pablo"]
[Result "0-1"]
[WhiteElo "1616"]
[BlackElo "1851"]
[PlyCount "0"]
[WhiteTeam "Enroque Barbastro A"]
[BlackTeam "Iberajedrez Mundo 64 B"]
[EventDate "2023.01.28"]

1. e4 c5 2. Nf3 e6 3. d4 cxd4 4. Nxd4 a6 5. Nc3 Bb4 6. Bd2 Ne7 7. a3 Ba5 8. Nb3
Bc7 9. Be3 Nbc6 10. Qd2 O-O 11. O-O-O b5 12. h4 Na5 13. g4 Nc4 14. Bxc4 bxc4
15. Nc5 d6 16. N5a4 Bd7 17. h5 Bb5 18. g5 Qe8 19. Nb6 Rb8 20. g6 fxg6 21. hxg6
Nxg6 22. Nbd5 exd5 23. Qxd5+ Rf7 24. Qh5 Nf8 25. Nd5 Qe5 26. Qg4 Bd7 27. Qh4
Qxb2+ 28. Kd2 Ba5+ 29. Ke2 Qxc2+ 30. Bd2 Qd3+ 31. Ke1 Bxd2+ 32. Rxd2 Rb1+ 0-1

[Event "Cto por Equipos de Aragon-Preferente I"]
[Site ""]
[Date "2023.03.04"]
[Round "6.34"]
[White "Garcia Monterde, Francisco Jose"]
[Black "Rubiella Moreno, Óscar"]
[Result "1-0"]
[WhiteElo "1816"]
[BlackElo "1587"]
[PlyCount "0"]
[WhiteTeam "Iberajedrez Mundo 64 B"]
[BlackTeam "Enroque Barbastro A"]
[EventDate "2023.01.28"]

1. c4 e5 2. g3 Nf6 3. Bg2 d5 4. cxd5 Nxd5 5. b3 Nc6 6. Bb2 Be7 7. d3 O-O 8. Nf3
Re8 9. O-O f6 10. Nbd2 Be6 11. Rc1 Nb6 12. Ne4 Qd7 13. Nc5 Bxc5 14. Rxc5 Bh3
15. a3 Bxg2 16. Kxg2 Rad8 17. Qc2 Qg4 18. h3 Qe6 19. e3 Rd5 20. b4 a6 21. d4 e4
22. Nd2 f5 23. Qb3 Kf7 24. Rfc1 g5 25. Rxd5 Nxd5 26. b5 axb5 27. Qxb5 Nde7 28.
Qxb7 Rb8 29. Qxc7 Rxb2 30. Nc4 Ra2 31. Nd6+ Kg6 32. Ne8 Rxa3 33. Rxc6 Qxc6 34.
Qxe7 Ra6 35. Qg7+ Kh5 36. Qxh7+ Qh6 37. Ng7# 1-0

[Event "Cto por Equipos de Aragon-Preferente I"]
[Site ""]
[Date "2023.03.04"]
[Round "6.35"]
[White "Jimenez Azlor, Hugo"]
[Black "Barranco Castillo, Jose Antonio"]
[Result "0-1"]
[WhiteElo "1537"]
[BlackElo "1650"]
[PlyCount "0"]
[WhiteTeam "Enroque Barbastro A"]
[BlackTeam "Iberajedrez Mundo 64 B"]
[EventDate "2023.01.28"]

1. d4 d6 2. Nf3 Nf6 3. Bf4 Nbd7 4. h3 c5 5. c3 Qb6 6. Qc2 g6 7. e3 Bg7 8. Bc4
O-O 9. O-O Re8 10. Ng5 d5 11. Be2 e5 12. dxe5 Nxe5 13. Nf3 Bf5 14. Qd2 Nxf3+
15. Bxf3 Ne4 16. Qxd5 Qxb2 17. g4 Rad8 18. Qb3 Qxa1 19. gxf5 gxf5 20. Bxe4 fxe4
21. Bc7 Rd3 22. Ba5 Re6 23. Nd2 c4 24. Qxc4 Rxc3 25. Bxc3 Qxc3 26. Qxc3 Bxc3
27. Nb3 Rg6+ 28. Kh2 Be5+ 29. Kh1 Ra6 30. Nc5 Rxa2 31. Nxb7 f5 32. Kg2 a5 33.
Rd1 a4 34. Rd5 Bg7 35. Nd6 a3 36. Nxf5 Bf6 37. Ra5 Ra1 38. Nd6 a2 39. Nxe4 Kf7
40. Nxf6 Kxf6 41. f4 h5 42. Kf2 Rh1 0-1

[Event "Cto por Equipos de Aragon-Preferente I"]
[Site ""]
[Date "2023.03.04"]
[Round "6.36"]
[White "Gaspar Calvo, Luis Alberto"]
[Black "Ballarin Corvinos, Jorge"]
[Result "1-0"]
[WhiteElo "1845"]
[BlackElo "1748"]
[PlyCount "0"]
[WhiteTeam "Delicias B"]
[BlackTeam "Binefar A"]
[EventDate "2023.01.28"]

1. c4 e5 2. Nc3 Nc6 3. g3 f5 4. Nf3 Nf6 5. d4 e4 6. Nh4 d6 7. Bg5 Be7 8. e3 O-O
9. Be2 Qe8 10. Ng2 Qf7 11. Bxf6 Bxf6 12. h4 Ne7 13. Nb5 Nc6 14. Nf4 a6 15. Nc3
Ne7 16. Qb3 c6 17. d5 Bxc3+ 18. Qxc3 cxd5 19. cxd5 b5 20. Qc7 Qf6 21. O-O Ng6
22. Nxg6 hxg6 23. Qc6 Rb8 24. Qc2 Bb7 25. Rfd1 Rbc8 26. Qd2 Rc5 27. a4 Rfc8 28.
axb5 Rc2 29. Qe1 Qxb2 30. Rdb1 Qc3 31. Qxc3 R2xc3 32. bxa6 Bxd5 33. Rd1 R3c5
34. Rxd5 Rxd5 35. a7 Rd2 36. a8=Q Rxa8 37. Rxa8+ Kf7 38. Bb5 Kf6 39. Ra7 g5 40.
hxg5+ Kxg5 41. Rxg7+ Kf6 42. Ra7 Kg5 43. Kg2 Kf6 44. Ra8 Ke7 45. Be8 d5 46. Kf1
d4 47. exd4 Rxd4 48. Ke2 Rd3 49. Bg6 Kf6 50. Ra6+ Kg5 51. Bh7 Rf3 52. Ra5 Kf6
53. Rxf5+ Rxf5 54. Bxf5 Kxf5 55. Ke3 Ke5 56. g4 Kd5 57. Kf4 1-0

[Event "Cto por Equipos de Aragon-Preferente I"]
[Site ""]
[Date "2023.03.04"]
[Round "6.37"]
[White "Bonet Herbera, Isabel"]
[Black "Garcia Lopez, Alberto Jose"]
[Result "1-0"]
[WhiteElo "1723"]
[BlackElo "1829"]
[PlyCount "0"]
[WhiteTeam "Binefar A"]
[BlackTeam "Delicias B"]
[EventDate "2023.01.28"]

1. e4 d6 2. d4 Nf6 3. Nc3 g6 4. f4 Bg7 5. Nf3 O-O 6. Bd3 c6 7. O-O Nbd7 8. e5
dxe5 9. fxe5 Nd5 10. Ne4 h6 11. c3 Qc7 12. Qe1 c5 13. Qh4 c4 14. Bc2 h5 15. Ng3
f5 16. Nxh5 gxh5 17. Qxh5 Nxe5 18. dxe5 Bxe5 19. Bh6 Bg7 20. Qg6 e6 21. Nd4 Rf6
22. Qe8+ Rf8 23. Qh5 Rf6 24. Bg5 Rf8 25. Rf3 Qf7 26. Qh4 Nf6 27. Rh3 Qg6 28.
Re1 e5 29. Nf3 Ng4 30. Rg3 Qb6+ 31. Nd4 exd4 32. Rxg4 d3+ 33. Be3 Qxb2 34.
Rxg7+ Kxg7 35. Bh6+ 1-0

[Event "Cto por Equipos de Aragon-Preferente I"]
[Site ""]
[Date "2023.03.04"]
[Round "6.38"]
[White "Martinez Blanco, Ruben"]
[Black "Arino Castan, Federico"]
[Result "1/2-1/2"]
[WhiteElo "1317"]
[BlackElo "1612"]
[PlyCount "0"]
[WhiteTeam "Delicias B"]
[BlackTeam "Binefar A"]
[EventDate "2023.01.28"]

1. e4 e6 2. Qe2 c5 3. g3 Nc6 4. Bg2 Nge7 5. f4 Nd4 6. Qd1 g6 7. c3 Ndc6 8. Nf3
d5 9. e5 Qb6 10. Na3 Bd7 11. d4 cxd4 12. cxd4 Nf5 13. Nc2 Nb4 14. Nxb4 Bxb4+
15. Kf2 Rc8 16. Be3 O-O 17. Rc1 Rxc1 18. Qxc1 Rc8 19. Qb1 Rc6 20. Bf1 Qc7 21.
Bd3 a6 22. g4 Nxe3 23. Kxe3 Qc8 24. h4 Rc7 25. h5 Be8 26. f5 exf5 27. gxf5 Bb5
28. hxg6 Bxd3 29. gxh7+ Kh8 30. Qxd3 Rc1 31. Rh2 Re1+ 32. Nxe1 Qc1+ 33. Kf3
Qxe1 34. Qe2 Qb1 35. Rh5 Qg1 36. e6 Bd6 37. Rh3 Qg5 38. Qg2 Qxf5+ 39. Ke2 Qc2+
40. Kf3 Qe4+ 41. Kf2 Qxd4+ 42. Kf1 Qd1+ 43. Kf2 Qd4+ 44. Re3 Qxb2+ 45. Kg1 Qc1+
46. Kf2 Qb2+ 47. Kg1 Qc1+ 48. Kf2 Qb2+ 49. Kf1 Qc1+ 50. Kf2 1/2-1/2

[Event "Cto por Equipos de Aragon-Preferente I"]
[Site ""]
[Date "2023.03.04"]
[Round "6.40"]
[White "Carraminana Lopez, Luis Antonio"]
[Black "Franco Ibanez, Carlos"]
[Result "1-0"]
[WhiteElo "1901"]
[BlackElo "1859"]
[PlyCount "0"]
[WhiteTeam "Helios B"]
[BlackTeam "Shatranj A"]
[EventDate "2023.01.28"]

1. e4 e5 2. Nf3 Nc6 3. Bc4 Bc5 4. c3 Nf6 5. d3 d6 6. O-O O-O 7. h3 Qe7 8. Re1 Bb6 
9. d4 h6 10. Bb3 Bd7 11. Be3 Rfe8 12. Nbd2 Qf8 13. Nh4 Kh7 14. Nf1 g6 15. Qf3 Qg7 
16. d5 Ne7 17. g4 g5 18. Nf5 Bxf5 19. exf5 Rad8 20. Ng3 Bxe3 21. Rxe3 Rh8 22. Kg2 Kg8 
23. c4 b6 24. Bd1 a5 25. a3 Ra8 26. b3 Kh7 27. Bc2 Rhe8 28. Ree1 Neg8 29. Rh1 Ne7 
30. Rh2 Rh8 31. Nh5 1-0

[Event "Cto por Equipos de Aragon-Preferente I"]
[Site ""]
[Date "2023.03.04"]
[Round "6.42"]
[White "Anson Casaos, Alejandro"]
[Black "Ballonga Arruego, Alejandro"]
[Result "1-0"]
[WhiteElo "1759"]
[BlackElo "1656"]
[PlyCount "0"]
[WhiteTeam "Helios B"]
[BlackTeam "Shatranj A"]
[EventDate "2023.01.28"]

1. f4 e5 2. fxe5 d6 3. exd6 Bxd6 4. Nf3 g5 5. g3 h5 6. d4 g4 7. Nh4 Be7 8. Ng2 h4 9. Bf4 Qd5 
10. Nc3 Bb4 11. e4 Qxe4+ 12. Qe2 Bf5 13. Nxh4 Qxe2+ 14. Bxe2 Be4 15. O-O Bxc2 16. Nd5 Nc6 
17. Nxc7+ Kf8 18. Nxa8 Nxd4 19. Bxg4 Nf6 20. Be5 Bc5 21. Bxf6 Nf5+ 22. Kh1 Be4+ 23. Bf3 Rxh4 
24. gxh4 1-0

[Event "Cto por Equipos de Aragon-Preferente I"]
[Site ""]
[Date "2023.03.04"]
[Round "6.43"]
[White "Alvaro Rada, Gonzalo"]
[Black "Gonzalez Azuara, Javier"]
[Result "0-1"]
[WhiteElo "1273"]
[BlackElo "1698"]
[PlyCount "0"]
[WhiteTeam "Shatranj A"]
[BlackTeam "Helios B"]
[EventDate "2023.01.28"]


1. c3 d5 2. Nf3 Nf6 3. d3 e6 4. Bg5 Be7 5. Nbd2 b6 6. Qc2 Bb7 7. h3 Nbd7 8. Nb3 h6 9. Bd2 a5 
10. a4 Bd6 11. e3 Qe7 12. Be2 e5 13. O-O Ba6 14. Rfe1 Rc8 15. d4 Bxe2 16. Rxe2 e4 17. Nh4 Qe6 
18. f4 g5 19. Be1 gxh4 20. Bxh4 Rg8 21. Kh1 Nh5 22. g4 Nhf6 23. f5 Qe7 24. Rg1 Qf8 25. Reg2 c5 
26. Qe2 c4 27. Nd2 Nh7 28. Nf1 Ng5 29. Bxg5 hxg5 30. Ng3 Nf6 31. Nh5 Qh6 32. Nxf6+ Qxf6 
33. Qf1 Qh6 34. Rg3 Bxg3 35. Rxg3 Qd6 36. Kg2 Rh8 37. f6 Rh6 38. Qf5 Qe6 39. Qxg5 Rxf6 40. h4 Rg6 
41. Qf4 Qf6 42. g5 Qxf4 43. exf4 f5 44. h5 Re6 45. Re3 Rb8 46. Kg3 b5 47. g6 Ke7 48. Kh4 Kf6 
49. Rg3 Rg8 50. axb5 e3 51. Rg1 e2 52. Re1 Rb8 53. Kg3 Rxb5 54. Kf2 Rxb2 55. Kg3 Rd2 56. Kf3 a4 0-1

[Event "Cto por Equipos de Aragon-Preferente I"]
[Site ""]
[Date "2023.03.04"]
[Round "6.44"]
[White "Chueca Lorente, Javier"]
[Black "Malo Guillen, Jose Luis"]
[Result "1-0"]
[WhiteElo "2149"]
[BlackElo "2128"]
[PlyCount "0"]
[WhiteTeam "MyInvestor Casablanca B"]
[BlackTeam "Las Fuentes A"]
[EventDate "2023.01.28"]


1. c4 e6 2. g3 d5 3. Bg2 Nf6 4. Nf3 Be7 5. O-O O-O 6. d4 c5 7. cxd5 exd5 8. Nc3
Nc6 9. e3 Bg4 10. h3 cxd4 11. exd4 Bf5 12. Bg5 h6 13. Bf4 Re8 14. Ne5 Ne4 15.
Re1 Bb4 16. Qb3 Ba5 17. Nxe4 Nxe5 18. Nc3 Nc6 19. Rxe8+ Qxe8 20. Qxb7 Nxd4 21.
Qxd5 Bxc3 22. Qxa8 Qxa8 23. Bxa8 Bxb2 24. Re1 a5 25. g4 Bg6 26. Re8+ Kh7 27. a4
f6 28. Re7 Bc3 29. Be3 f5 30. Rd7 Nb3 31. Rd3 1-0

[Event "Cto por Equipos de Aragon-Preferente I"]
[Site ""]
[Date "2023.03.04"]
[Round "6.45"]
[White "Alonso Blasco, Jose Miguel"]
[Black "Cebollada Pacheco, Jesus Raul"]
[Result "0-1"]
[WhiteElo "1942"]
[BlackElo "1955"]
[PlyCount "0"]
[WhiteTeam "Las Fuentes A"]
[BlackTeam "MyInvestor Casablanca B"]
[EventDate "2023.01.28"]

1. e4 e5 2. Nf3 Nc6 3. Bb5 a6 4. Bxc6 dxc6 5. O-O Bd6 6. d4 exd4 7. Qxd4 f6 8.
Re1 Be6 9. Nbd2 Ne7 10. Nb3 b6 11. e5 fxe5 12. Nxe5 O-O 13. Bg5 Qe8 {Le suena
el movil} 0-1

[Event "Cto por Equipos de Aragon-Preferente I"]
[Site ""]
[Date "2023.03.04"]
[Round "6.46"]
[White "Antonano Fernandez-Quincoces, Avelino"]
[Black "Roman Gimeno, Javier"]
[Result "1/2-1/2"]
[WhiteElo "1901"]
[BlackElo "1899"]
[PlyCount "0"]
[WhiteTeam "MyInvestor Casablanca B"]
[BlackTeam "Las Fuentes A"]
[EventDate "2023.01.28"]

1. e4 d5 2. exd5 Qxd5 3. Nf3 Bg4 4. Be2 Nc6 5. O-O O-O-O 6. Nc3 Qd7 7. b4 Nf6
8. b5 Bxf3 9. Bxf3 Nd4 10. a4 Qf5 11. d3 Nxf3+ 12. Qxf3 Qxf3 13. gxf3 e6 14.
Be3 Kb8 15. Rfb1 Nd5 16. Nxd5 Rxd5 17. d4 Bd6 18. c4 Rh5 19. c5 Be7 20. a5 Bg5
21. f4 Bf6 22. b6 a6 23. bxc7+ Kxc7 24. Ra4 Rb8 25. Kg2 Rd5 26. Kf3 Rf5 27. Ke4
Kc8 28. f3 Bd8 29. Ra2 g6 30. Rb3 Bc7 31. Bd2 Kd7 1/2-1/2

[Event "Cto por Equipos de Aragon-Preferente I"]
[Site ""]
[Date "2023.03.04"]
[Round "6.47"]
[White "Javierre Conesa, Alfonso"]
[Black "Miranda Herrera, Belen"]
[Result "0-1"]
[WhiteElo "1865"]
[BlackElo "1788"]
[PlyCount "0"]
[WhiteTeam "Las Fuentes A"]
[BlackTeam "MyInvestor Casablanca B"]
[EventDate "2023.01.28"]

1. d4 Nf6 2. Nf3 d5 3. c4 c6 4. Nbd2 Bf5 5. g3 Nbd7 6. Bg2 e6 7. O-O Be7 8. b3
h6 9. Bb2 O-O 10. Re1 a5 11. a3 Qc7 12. Rc1 Qb8 13. e3 Nb6 14. Ne5 Nfd7 15.
Nxd7 Nxd7 16. e4 dxe4 17. Nxe4 Nf6 18. d5 Rd8 19. Nxf6+ Bxf6 20. Bxf6 gxf6 21.
Qh5 Kg7 22. dxc6 bxc6 23. Bxc6 Ra6 24. Bb5 Rad6 25. Red1 Rd3 26. Rxd3 Rxd3 27.
Ba4 Qe5 28. Rd1 Qb2 29. Rxd3 Bxd3 30. Qg4+ Bg6 31. Qd1 Qxa3 32. h4 Qc5 33. Qd2
Be4 34. Qe3 Qf5 35. Qf4 Qg6 36. c5 Bd5 37. Kf1 Qd3+ 38. Ke1 Bf3 39. Qe3 Qd1#
0-1

[Event "Cto por Equipos de Aragon-Preferente I"]
[Site ""]
[Date "2023.03.04"]
[Round "6.48"]
[White "Carruez Gracia, Eduardo"]
[Black "Portero Garnica, Miguel Angel"]
[Result "1/2-1/2"]
[WhiteElo "1941"]
[BlackElo "2072"]
[PlyCount "0"]
[WhiteTeam "Agrupacion B"]
[BlackTeam "Marcos Frechin B"]
[EventDate "2023.01.28"]

1. e4 e5 2. Nf3 Nc6 3. Bb5 a6 4. Ba4 Nf6 5. Bxc6 dxc6 6. d3 Bc5 7. Nbd2 Be6 8.
Nf1 Ng4 9. Ne3 Nxe3 10. Bxe3 Bxe3 11. fxe3 f6 12. O-O Bg4 13. Qe1 Bxf3 14. Rxf3
Qe7 15. a4 c5 16. Qc3 b6 17. b4 cxb4 18. Qc6+ Kf7 19. Qc4+ Kg6 20. Rg3+ Kh6 21.
Rh3+ Kg6 22. Rg3+ Kh6 23. Rh3+ Kg6 24. Rg3+ 1/2-1/2

[Event "Cto por Equipos de Aragon-Preferente I"]
[Site ""]
[Date "2023.03.04"]
[Round "6.49"]
[White "Perez Tomas, Juan Manuel"]
[Black "Carrasquer Gonzalvo, Juan"]
[Result "1-0"]
[WhiteElo "1807"]
[BlackElo "1532"]
[PlyCount "0"]
[WhiteTeam "Marcos Frechin B"]
[BlackTeam "Agrupacion B"]
[EventDate "2023.01.28"]

1. e4 e5 2. Nf3 Nc6 3. Bc4 Nf6 4. d3 Bc5 5. c3 a6 6. Bb3 Ba7 7. Nbd2 h6 8. h3
d6 9. Nf1 Be6 10. Ng3 Qd7 11. d4 exd4 12. cxd4 d5 13. exd5 Bxd5 14. O-O O-O-O
15. Ne5 Nxe5 16. dxe5 Ne4 17. Bf4 g5 18. Nxe4 gxf4 19. Nf6 Bxb3 20. Qxd7+ Rxd7
21. Nxd7 Ba4 22. Nf6 Bc6 23. Rad1 h5 24. Nd5 Re8 25. Rfe1 f3 26. Nf6 Rh8 27.
gxf3 Bxf3 28. Rd3 Bc6 29. Rg3 Bd4 30. b3 h4 31. Rg4 Bb6 32. a4 Kd8 33. Rd1+ Ke7
34. Kf1 Ke6 35. Rg5 Ba5 36. f4 b5 37. Rc1 Bf3 38. axb5 axb5 39. Rc5 Bb6 40. f5+
Ke7 41. Rc3 Bb7 42. Rd3 Bc6 43. Ng8+ Ke8 44. b4 Bb7 45. Nf6+ Ke7 46. Rd7+ 1-0

[Event "Cto por Equipos de Aragon-Preferente I"]
[Site ""]
[Date "2023.03.04"]
[Round "6.50"]
[White "Casasnovas Sanchez, Raul"]
[Black "Atares Buisan, Sergio"]
[Result "0-1"]
[WhiteElo "1425"]
[BlackElo "1691"]
[PlyCount "0"]
[WhiteTeam "Agrupacion B"]
[BlackTeam "Marcos Frechin B"]
[EventDate "2023.01.28"]

1. e4 c5 2. d4 cxd4 3. c3 Nf6 4. e5 Nd5 5. Nf3 Nc6 6. cxd4 d6 7. Bd3 Bg4 8. Nc3
dxe5 9. dxe5 Ndb4 10. Bb5 Qxd1+ 11. Kxd1 O-O-O+ 12. Bd2 Nxe5 13. Ke2 Nxf3 14.
gxf3 Bxf3+ 15. Kxf3 Rxd2 16. Rac1 Kb8 17. Ne4 Rd5 18. Nc5 a6 19. Nd7+ Ka7 20.
Ba4 e6 21. Rc8 b5 22. Rc7+ Ka8 23. Bb3 Rf5+ 24. Ke2 Bd6 25. Nb6+ Kb8 26. Rc3
Kb7 27. Nd7 Rd8 28. a3 Nc6 29. Rhc1 Nd4+ 30. Ke1 Nxb3 31. Rxb3 Rxd7 32. a4 b4
33. a5 Rxa5 34. Rd3 Rd5 35. Rf3 a5 36. b3 Be5 37. Ke2 Rd2+ 38. Kf1 Rd1+ 39.
Rxd1 Rxd1+ 40. Kg2 Bf6 41. h4 h6 42. h5 Kc6 43. Kh3 Rc1 44. Kg4 Rc3 45. Rf4 Kb5
46. Re4 Bg5 47. f4 f5# 0-1

[Event "Cto por Equipos de Aragon-Preferente II"]
[Site ""]
[Date "2023.03.04"]
[Round "6.52"]
[White "Mombiela De Sus, Jose Luis"]
[Black "Sierra Aguerri, Joaquin"]
[Result "1-0"]
[WhiteElo "1944"]
[BlackElo "2091"]
[PlyCount "0"]
[WhiteTeam "Las Fuentes B"]
[BlackTeam "Tauste A"]
[EventDate "2023.01.28"]

1. Nf3 Nf6 2. b3 d5 3. Bb2 Bf5 4. g3 e6 5. Bg2 h6 6. O-O Be7 7. d3 O-O
8. Nbd2 a5 9. a4 Nbd7 10. e3 c5 11. h3 Bh7 12. Nh2 Rc8 13. f4 c4 14. bxc4 Qb6
15. Bd4 Bc5 16. Nhf3 Rfd8 17. Qb1 Qa7 18. Qb2 Bxd4 19. exd4 Rc7 20. Ra3 dxc4
21. Nxc4 Nd5 22. Rb3 Nb4 23. Rf2 Nf6 24. Nce5 Nfd5 25. Re2 Nb6 26. c3 Nxd3 27.
Nxd3 Bxd3 28. Re1 Nxa4 29. Qa1 b5 30. Ne5 Bc4 31. Ra3 Bd5 32. Bxd5 exd5 33. Kg2
Rdc8 34. Re3 f6 35. Ng6 Kf7 36. f5 Qb6 37. Qd1 Re8 38. c4 Rxe3 39. Rxe3 dxc4
40. Qh5 Qc6+ 41. Kh2 Qd6 42. Nf4+ Kg8 43. Re8+ Qf8 44. Rxf8+ Kxf8 45. Ne6+ Ke7
46. Nxc7 b4 47. Qe8+ Kd6 48. Qxa4 1-0

[Event "Cto por Equipos de Aragon-Preferente II"]
[Site ""]
[Date "2023.03.04"]
[Round "6.53"]
[White "Sancho Casale, Jesus"]
[Black "Brosa Soto, Jesus"]
[Result "0-1"]
[WhiteElo "1933"]
[BlackElo "1938"]
[PlyCount "0"]
[WhiteTeam "Tauste A"]
[BlackTeam "Las Fuentes B"]
[EventDate "2023.01.28"]

1. Nf3 d5 2. c4 c6 3. b3 Nf6 4. g3 e6 5. Bg2 Be7 6. Bb2 Nbd7 7. O-O O-O
8. d4 Ne8 9. Qc2 f5 10. Nbd2 Ndf6 11. Ne5 Nd6 12. e3 g5 13. c5 Nf7 14. Nd3 Bd7
15. b4 g4 16. Bc3 Ne4 17. a4 Nxd2 18. Qxd2 a6 19. Rab1 Qe8 20. Rb2 h5 21. Rfb1
Bf6 22. Ne5 Bxe5 23. dxe5 Ng5 24. Qd1 Qe7 25. b5 axb5 26. axb5 Rf7 27. bxc6
Bxc6 28. Bd4 Rh7 29. f4 gxf3 30. Bxf3 h4 31. Rg2 hxg3 32. hxg3 Kh8 33. g4 Nh3+
34. Kf1 fxg4 35. Bxg4 Rf8+ 36. Ke2 Ng5 37. Qd3 Ne4 38. Rbg1 Qh4 39. Qxe4 dxe4
40. Bxe6 Rg7 41. Bf7 Rxg2+ 42. Rxg2 Rxf7 43. e6+ Rf6 44. Kd2 Kh7 0-1

[Event "Cto por Equipos de Aragon-Preferente II"]
[Site ""]
[Date "2023.03.04"]
[Round "6.54"]
[White "Artal Alegria, Francisco Javier"]
[Black "Solanas Esteban, Hector"]
[Result "0-1"]
[WhiteElo "1745"]
[BlackElo "1666"]
[PlyCount "0"]
[WhiteTeam "Las Fuentes B"]
[BlackTeam "Tauste A"]
[EventDate "2023.01.28"]

1. e4 e5 2. Nf3 Nc6 3. d4 exd4 4. c3 dxc3 5. Bc4 Nf6 6. e5 d5 7. exf6
dxc4 8. Qe2+ Be6 9. Nxc3 Qxf6 10. Bg5 Qg6 11. Rd1 Bb4 12. O-O Bxc3 13. bxc3 O-O
14. Bf4 Rfe8 15. Rfe1 h6 16. Qb2 Bg4 17. Bg3 b6 18. Rxe8+ Rxe8 19. Qb5 Qe6 20.
Bxc7 Qe2 21. Rf1 Bxf3 22. gxf3 Re6 23. Qd5 Ne5 24. Bxe5 Rxe5 25. Qa8+ Kh7 26.
f4 Qg4+ 27. Kh1 Qxf4 28. h3 Rh5 29. Kg2 Rg5+ 30. Kh1 Rg3 31. fxg3 Qxf1+ 32. Kh2
Qf2+ 33. Kh1 Qe1+ 34. Kg2 Qd2+ 35. Kg1 Qxc3 36. Qe4+ g6 37. Qf4 Kg7 0-1

[Event "Cto por Equipos de Aragon-Preferente II"]
[Site ""]
[Date "2023.03.04"]
[Round "6.56"]
[White "Ruiz Fernandez, Daniel"]
[Black "Lopez Caudevilla, David"]
[Result "0-1"]
[WhiteElo "1926"]
[BlackElo "2165"]
[PlyCount "0"]
[WhiteTeam "MyInvestor Casablanca C"]
[BlackTeam "Actur Rey Fernando A"]
[EventDate "2023.01.28"]

1. e4 g6 2. d4 Bg7 3. Nc3 a6 4. Be3 b5 5. Qd2 Bb7 6. f3 d6 7. h4 Nd7 8. h5 c5
9. h6 Bf6 10. dxc5 dxc5 11. O-O-O Qc7 12. f4 e6 13. e5 Be7 14. Be2 b4 15. Nb1
Bxg2 16. Rh2 Bc6 17. Bf3 Nb6 18. Qf2 Bxf3 19. Nxf3 Nd5 20. Nbd2 c4 21. Ne4 c3
22. b3 Bf8 23. Nfg5 O-O-O 24. Rhh1 Qa5 25. Kb1 Rd7 26. Ka1 Nxh6 27. Bc5 Nf5 28.
Bxf8 Rxf8 29. Rxh7 Nde3 30. Rxd7 Qa3 31. Rc7+ Kxc7 32. Nxe6+ Kb8 33. Nxf8 Qb2#
0-1

[Event "Cto por Equipos de Aragon-Preferente II"]
[Site ""]
[Date "2023.03.04"]
[Round "6.57"]
[White "Aviol Perez, Jose Mariano"]
[Black "Bello Cera, Raul"]
[Result "1/2-1/2"]
[WhiteElo "1772"]
[BlackElo "1657"]
[PlyCount "0"]
[WhiteTeam "Actur Rey Fernando A"]
[BlackTeam "MyInvestor Casablanca C"]
[EventDate "2023.01.28"]

1. d4 Nf6 2. Nf3 e6 3. c4 c5 4. d5 d6 5. Nc3 exd5 6. cxd5 Bf5 7. Nd2 Qe7 8. Nc4
Nbd7 9. Nb5 Kd8 10. Nbxd6 Be4 11. Nxb7+ Kc8 12. Ncd6+ Kc7 13. Bf4 Ne5 14. Nf5
Qe8 15. Nxc5 Bxc5 16. Nxg7 Bb4+ 17. Bd2 Qf8 18. Rc1+ Kd8 19. e3 Rc8 20. Rxc8+
Kxc8 21. Ba6+ Kd8 22. Qb3 Bxd2+ 23. Kxd2 Qd6 24. Rc1 Bxd5 25. Nf5 Ne4+ 26. Ke1
Bxb3 27. Nxd6 Nxd6 28. axb3 Kd7 29. Ke2 1/2-1/2

[Event "Cto por Equipos de Aragon-Preferente II"]
[Site ""]
[Date "2023.03.04"]
[Round "6.58"]
[White "Sese Serrano, Isaac"]
[Black "Garcia Alvarez, Sergio"]
[Result "0-1"]
[WhiteElo "1378"]
[BlackElo "1722"]
[PlyCount "0"]
[WhiteTeam "MyInvestor Casablanca C"]
[BlackTeam "Actur Rey Fernando A"]
[EventDate "2023.01.28"]

1. e4 g6 2. d4 Bg7 3. Nc3 d6 4. Be3 Nd7 5. Qd2 a6 6. h4 h5 7. Nh3 b5 8. O-O-O
Bb7 9. f3 Rc8 10. Ng5 Nh6 11. Be2 c5 12. dxc5 Nxc5 13. a3 Qa5 14. Bd4 O-O 15.
g4 b4 16. Bxg7 f6 17. axb4 Qa1+ 18. Nb1 Nb3# 0-1

[Event "Cto por Equipos de Aragon-Preferente II"]
[Site ""]
[Date "2023.03.04"]
[Round "6.59"]
[White "Manzanares Saiz, Jose Manuel"]
[Black "Perez Artigues, Ramon"]
[Result "1-0"]
[WhiteElo "1584"]
[BlackElo "1206"]
[PlyCount "0"]
[WhiteTeam "Actur Rey Fernando A"]
[BlackTeam "MyInvestor Casablanca C"]
[EventDate "2023.01.28"]

1. e4 c5 2. f4 d6 3. Nf3 g6 4. c3 Bg7 5. Bb5+ Bd7 6. Qb3 Nc6 7. Ng5 e6 8. O-O
h6 9. Nf3 Nge7 10. Be2 Qc7 11. d3 O-O 12. Be3 b5 13. Qc2 a5 14. Nbd2 Rab8 15.
Rab1 b4 16. c4 Qa7 17. h3 f5 18. Kh2 a4 19. b3 a3 20. Rg1 Rbc8 21. Qd1 Nd4 22.
Qe1 Bc6 23. Bd1 Qb7 24. Nxd4 cxd4 25. Bf2 e5 26. Bg3 Kh7 27. Bf3 Rcd8 28. fxe5
dxe5 29. exf5 Nxf5 30. Bxc6 Qxc6 31. Ne4 Qc7 32. Qxb4 Ra8 33. Qd2 Nxg3 34. Kxg3
Rf4 35. b4 Qe7 36. Kh2 h5 37. Rbf1 Bh6 38. Qe2 Raf8 39. Rxf4 Rxf4 40. g3 Rf8
41. c5 h4 42. g4 Be3 43. Rf1 Rf4 44. b5 Qf7 45. Ng5+ 1-0

[Event "Cto por Equipos de Aragon-Preferente II"]
[Site ""]
[Date "2023.03.04"]
[Round "6.60"]
[White "Baldellou Vicente, Roberto"]
[Black "Sanjuan Segura, Ignacio"]
[Result "1-0"]
[WhiteElo "1952"]
[BlackElo "1820"]
[PlyCount "0"]
[WhiteTeam "San Jose A"]
[BlackTeam "Palacio De Pioneros C"]
[EventDate "2023.01.28"]

1. e4 e6 2. d4 d5 3. Nc3 Bb4 4. e5 Ne7 5. a3 Bxc3+ 6. bxc3 b6 7. Nf3 Ba6 8. Bd3
Bxd3 9. Qxd3 c5 10. O-O O-O 11. a4 Ng6 12. Re1 Qc7 13. h4 h5 14. Ng5 cxd4 15.
cxd4 Qc4 16. Qd1 Rc8 17. Ba3 Nd7 18. Qf3 f6 19. Nxe6 Rc6 20. Nxg7 Kxg7 21. e6
Nde5 22. dxe5 Rxe6 23. exf6+ Kf7 24. Rxe6 Kxe6 25. f7 Qf4 26. Re1+ Kxf7 27.
Qxd5+ 1-0

[Event "Cto por Equipos de Aragon-Preferente II"]
[Site ""]
[Date "2023.03.04"]
[Round "6.61"]
[White "Campana Valencia, Lidia"]
[Black "Palomar Ramon, Santiago"]
[Result "1/2-1/2"]
[WhiteElo "1565"]
[BlackElo "1892"]
[PlyCount "0"]
[WhiteTeam "Palacio De Pioneros C"]
[BlackTeam "San Jose A"]
[EventDate "2023.01.28"]

1. e4 e5 2. Nf3 Nc6 3. Bc4 Nf6 4. d3 Be7 5. c3 O-O 6. O-O a6 7. Bb3 d6 8. h3
Kh8 9. Re1 Ng8 10. d4 f5 11. dxe5 fxe4 12. Rxe4 Bf5 13. Re1 dxe5 14. Qxd8 Raxd8
15. Nxe5 Nxe5 16. Rxe5 Bd6 17. Re1 Rfe8 18. Be3 Bc5 19. Na3 Bxe3 20. Rxe3 Rxe3
21. fxe3 Nf6 22. Rd1 Rxd1+ 23. Bxd1 Kg8 24. Nc4 Kf8 25. Bf3 b6 26. Nd2 Be6 27.
b3 a5 28. c4 Ke7 29. g4 h6 30. Ne4 Nd7 31. Nc3 Ne5 32. Be4 Bd7 33. Nb5 Bxb5 34.
cxb5 Kd6 35. Kf2 Kc5 36. a4 Kb4 37. Bd5 Kc3 38. Ke2 g5 39. Be6 Kc2 40. e4 Kc3
41. Ke3 Nd3 42. Bc4 Ne5 43. Be6 1/2-1/2